| 000 | 00447nam a2200169Ia 4500 | ||
|---|---|---|---|
| 008 | 240729s9999 xx 000 0 und d | ||
| 022 | _a2661-3174 | ||
| 245 | 0 | _aFertility & Reproduction | |
| 260 | _aSingapore | ||
| 260 | _bWorld Scientific Publishing | ||
| 650 | _a Biology (General) | ||
| 650 | _a Reproduction | ||
| 650 | _aScience | ||
| 856 | _uhttps://doaj.org/toc/76e98c2acf434d59ad0c20a5372534ca | ||
| 942 | _2ddc | ||
| 942 | _cDOAJEJ | ||
| 999 |
_c66096 _d66096 |
||
| 945 |
_a1 _bMadushi Gamage _c1 _dMadushi Gamage |
||